Manual de Derecho Romano : historia e instituciones /
Guardado en:
| Autor Principal: | |
|---|---|
| Formato: | Libro |
| Idioma: | Spanish |
| Publicado: |
Buenos Aires :
Astrea,
1998
|
| Edición: | 3a. ed. corr., 6a. reimp. |
| Materias: | |
| Etiquetas: |
Agregar Etiqueta
Sin Etiquetas, Sea el primero en etiquetar este registro!
|
| LEADER | 00498nam a22001575a 4500 | ||
|---|---|---|---|
| 001 | DER.der000372 | ||
| 008 | 180615s1998####ag#||||||||||||||#||spa|| | ||
| 005 | 20251223130028.0 | ||
| 245 | 1 | 0 | |a Manual de Derecho Romano : |b historia e instituciones / |c Luis Rodolfo Argüello. |
| 250 | |a 3a. ed. corr., 6a. reimp. | ||
| 260 | |a Buenos Aires : |b Astrea, |c 1998 | ||
| 300 | |a 608 p. | ||
| 020 | |a 9505081014 | ||
| 100 | 1 | |a Argüello, Luis Rodolfo | |
| 650 | 7 | |a DERECHO ROMANO | |
| 859 | |a DERECHO |b BIB. DERECHO |h 340.54 |i ARG |p 000179 | ||
